000 00286 a2200109 4500
001 ART_17531
005 20260410161750.0
008 260409a
245 1 0 _aPredictably irrational
100 1 _aAriely, Dan
773 0 _tBook Summary
_g- NÂș 12 (ene. 2009)
_wREV4099
999 _c19589
_d19589